По пути красного Петрограда (деятельность организаций РКП(б) Северо-Запада России в период иностранной военной интервенции и Гражданской войны 1918-1920 гг.)

Bibliografiske detaljer
Hovedforfatter: Иванов С. А. Сергей Андреевич
Sprog:russisk
Udgivet: Ленинград, Лениздат, 1979
Fag:
Format: MixedMaterials Bog
KOHA link:https://koha.lib.tpu.ru/cgi-bin/koha/opac-detail.pl?biblionumber=679077

MARC

LEADER 00000nam0a2200000 4500
001 679077
005 20250313134147.0
090 |a 679077 
100 |a 20250313d1979 k||y0rusy50 ca 
101 0 |a rus 
102 |a RU 
105 |a a z 001yy 
181 0 |a i   |b  e  
182 0 |a n 
183 0 |a nc  |2 RDAcarrier 
200 1 |a По пути красного Петрограда (деятельность организаций РКП(б) Северо-Запада России в период иностранной военной интервенции и Гражданской войны 1918-1920 гг.)  |f С. А. Иванов 
203 |a Текст  |b визуальный  |c непосредственный 
210 |a Ленинград  |c Лениздат  |d 1979 
215 |a 304 с.  |c ил. 
283 |a volume  |2 RDAcarrier 
320 |a Литература и архивные материалы: с. 293-302 
606 1 |a КПСС  |x В период иностранной интервенции и гражданской войны  |9 41235 
610 1 |a партийные организации 
610 1 |a партии 
610 1 |a большевики 
610 1 |a Красная Армия 
610 1 |a большевистские организации 
610 1 |a белогвардейцы 
686 |2 rubbk  |a Ф61(2)271.2 
700 1 |a Иванов  |b С. А.  |g Сергей Андреевич 
801 0 |a RU  |b 63413507  |c 20250313 
830 |a Ретро2025Каталогизация Мотырева 
850 |a 63413507 
942 |c BK